000 01283nji a22002777a 4500
005 20100903161258.0
006 a|||||r|||||00| 0
007 sd ammalaaahaa
008 100830t xxu||||| |||| 00| 0 eng d
028 _aN 52897
_bHis Master's Voice
035 _aGR-00560
040 _aSED
_cSED
100 _917455
_aMangeskar,Lata
245 _aGunj uthi shanai /
_cby Lata Mangeskar ; music by Vasant Desai ; lyric Bharat Vyes
_h[sound recording] :
246 _aतेरे सुर और मेरे गीत - गूंज उठी शनै /लता मंगेशकर द्वारा
260 _aDum Dum, India
_bHis Master's Voice
_cn.d.
300 _a1 sound disc [Gramophone Recording]:
_banalog, 33 1/3 rpm
_c9.5 in. (MP)
_fGramophone Record
500 _aBrief Record
505 _aSide -1 तेरे सुर और मेरे गीत (Tere sur aur mere geet) Side-2 जीवन में पिया सात रहे (Jivan me piya saat rahe)
650 _aClassical music
_zIndia
_91186
_xExcerpts
700 _917416
_aVasant Desai
700 _917456
_aBharat vyas
700 _918240
942 _2ddc
_cGR
999 _c43706
_d43706